|
|
|
|
| LEADER |
00000cam a2200000 4500 |
| 001 |
vtls011754387 |
| 003 |
SK-MaSNL |
| 005 |
20260302021023.0 |
| 008 |
200316s2018 xo g 001 0bslo |
| 015 |
|
|
|a SNBA2018/07
|
| 020 |
|
|
|a 9788055160948
|q (viazané)
|
| 035 |
|
|
|a urn:nbn:sk:snk-am00dgzm
|
| 035 |
|
|
|a urn:nbn:sk:snk-am3i1xf
|
| 035 |
|
|
|a 44A64D40-D734-4CB5-BDFE-5BA5D7FB0AF9
|
| 040 |
|
|
|a SNK
|b slo
|e rda
|c SNK
|
| 041 |
1 |
|
|a slo
|h eng
|
| 043 |
|
|
|a n-us---
|
| 044 |
|
|
|a xo
|c SK
|
| 072 |
|
7 |
|a 32
|x Politika
|2 konspekt
|
| 072 |
|
7 |
|a 929
|x Biografie
|2 konspekt
|
| 080 |
|
|
|a 32-051
|2 2011
|
| 080 |
|
|
|a 159.923
|2 2011
|
| 080 |
|
|
|a 328/3299
|2 2011
|
| 080 |
|
|
|a (73)
|2 2011
|
| 080 |
|
|
|a (092)
|2 2011
|
| 080 |
|
|
|a (0:82-96)
|2 2011
|
| 080 |
|
|
|a 342.58-051
|2 2011
|
| 100 |
1 |
|
|a Wolff, Michael,
|d 1953-
|4 aut
|9 173890
|
| 240 |
1 |
0 |
|a Fire and fury inside the Trump White House
|l Slovensky
|
| 245 |
1 |
0 |
|a Oheň a síra
|b za dverami Trumpovej pracovne
|c Michael Wolff ; preložili Martin Djovčoš, Matej Laš, Igor Tyšš
|
| 264 |
|
1 |
|a Bratislava
|b Ikar
|c 2018
|
| 300 |
|
|
|a 357 strán
|c 24 cm
|
| 336 |
|
|
|a text
|b txt
|2 rdacontent
|
| 337 |
|
|
|a bez média
|b n
|2 rdamedia
|
| 338 |
|
|
|a zväzok
|b nc
|2 rdacarrier
|
| 500 |
|
|
|a Preložené z angličtiny
|
| 500 |
|
|
|a Obsahuje biografické údaje o autorovi
|
| 504 |
|
|
|a Obsahuje register
|
| 600 |
1 |
7 |
|a Trump, Donald,
|d 1946-
|2 SNKMA
|9 194420
|
| 600 |
1 |
7 |
|a Bannon, Stephen K.,
|d 1953-
|2 SNKMA
|9 173908
|
| 648 |
|
7 |
|a 2017-2018
|2 SNKPH
|9 342050
|
| 648 |
|
7 |
|a 21. storočie
|2 SNKPH
|9 301294
|
| 648 |
|
7 |
|a 21st century
|2 SNKPHeng
|9 303236
|
| 650 |
0 |
7 |
|a prezidenti
|x priatelia a spolupracovníci
|2 SNKPH
|9 553236
|
| 650 |
0 |
7 |
|a psychológia osobnosti
|2 SNKPH
|9 3576
|
| 650 |
0 |
7 |
|a politickí poradcovia
|2 SNKPH
|9 4499
|
| 650 |
0 |
7 |
|a Presidents
|x friends and associates
|2 SNKPHeng
|9 553237
|
| 650 |
0 |
7 |
|a Psychology of personality
|2 SNKPHeng
|9 317296
|
| 650 |
0 |
7 |
|a Political consultants
|2 SNKPHeng
|9 664570
|
| 650 |
0 |
7 |
|a politika a vláda
|2 SNKPH
|9 3868
|
| 650 |
0 |
7 |
|a Politics and government
|2 SNKPHeng
|9 280895
|
| 651 |
|
7 |
|a Spojené štáty americké
|2 SNKPHgeo
|9 18262
|
| 651 |
|
7 |
|a United States
|2 SNKPHeng
|9 281561
|
| 655 |
|
7 |
|a biografie
|2 SNKPH
|9 27965
|
| 655 |
|
7 |
|a literatúra faktu
|2 SNKPH
|9 70526
|
| 655 |
|
7 |
|a Biography
|2 SNKPHeng
|9 266314
|
| 655 |
|
7 |
|a Non-fiction
|2 SNKPHeng
|9 310495
|
| 700 |
1 |
|
|a Djovčoš, Martin,
|d 1982-
|4 trl
|9 106092
|
| 700 |
1 |
|
|a Laš, Matej,
|d 1992-
|4 trl
|9 252441
|
| 700 |
1 |
|
|a Tyšš, Igor,
|d 1989-
|4 trl
|9 52243
|
| 852 |
|
|
|a Podtatranská knižnica v Poprade
|
| 919 |
|
|
|a 978-80-551-6094-8
|
| 958 |
|
|
|a BC
|
| 958 |
|
|
|a OP
|
| 968 |
|
|
|b ENG
|
| 999 |
|
|
|c 1027191
|d 1029121
|
| 952 |
|
|
|a SNK
|b SNK
|y PREZ
|7 0
|p 17A1331505
|o snkSC 179741
|i snk2018/12038
|8 0
|0 0
|1 0
|4 0
|d 2018-06-01
|f 1
|l 0
|r 2026-02-24 13:43:17
|w 2026-02-24
|
| 952 |
|
|
|a SNK
|b SNK
|y VYP
|7 0
|p 17A1331506
|o snkSC 179741 D1
|i snk2018/12039
|8 0
|0 0
|1 0
|4 0
|d 2018-06-01
|l 0
|r 2026-02-24 13:43:17
|w 2026-02-24
|